00398pab a2200157 454500008004000000100003100040245004500071260000900116300001300125362001200138650002200150650002000172650001400192700001600206773001800222180718b2017 xxu||||| |||| 00| 0 eng d aNagaveni, Preethi Lolaksha aMigration and poverty: an Indian reality c2017 ap.32-50. aJan-Mar aMigration - India aPoverty - India aMigration aAnand, Amit aSocial Action